Hermenůtica e a linguagem um estudo sobre sua relaȯ̂ com a filosofia, o direito, o neoconstitucionalismo e a defesa da dignidade da pessoa humana /

Detalles Bibliográficos
Autor principal: Baptista Gonȧlves, Antonio
Formato: eBook
Lenguaje:portugués
Publicado: San Pablo: Editora Noeses, 2016
Materias:
Acceso en línea:Acceso restringido

MARC

LEADER 00000nam a22000007a 4500
005 20210616215554.0
007 cr|||| ||||
008 210616s2016 br |||||s|||| 00||0 por d
020 |a 978-85-8310-070-6 
035 |a 33728 
040 |a vLex 
090 |c 11787  |d 11787 
100 1 |a Baptista Gonȧlves, Antonio 
245 1 0 |a Hermenůtica e a linguagem  |h [Recurso electrn̤ico] :  |b um estudo sobre sua relaȯ̂ com a filosofia, o direito, o neoconstitucionalismo e a defesa da dignidade da pessoa humana /  |c Antonio Baptista Gonȧlves 
256 |a Servicio en ln̕ea 
260 |a San Pablo:  |b Editora Noeses,  |c 2016 
300 |a 1 recurso electrn̤ico 
506 1 |a Disponible solo en los productos indicados  |d vLex Global  |d vLex Global (Academic Edition, excluding Law Schools)  |d vLex Global (U.S. Academic Edition, Law Schools)  |d vLex Global (U.S. Academic Edition, excluding Law Schools)  |d vLex Global (Academic Edition, Law Schools) 
650 0 4 |a Derecho Militar  |z Brasil 
650 0 4 |a Derecho Constitucional  |z Brasil 
650 0 4 |a Derecho Civil  |z Brasil 
740 0 |a vLex Libros (Servicio en ln̕ea) 
856 4 0 |u https://vlex.com/source/hermen-utica-linguagem-estudo-sua-rela-o-filosofia-direito-neoconstitucionalismo-defesa-dignidade-pessoa-humana-33728  |z Acceso restringido 
942 |c BOOK 
999 0 |a Military Law 
999 0 |a Constitutional Law 
999 0 |a Civil Law